000 00829nam a22001697a 4500
008 110815t2006 xxu||||g |||| 000 0 ara d
082 _222
_a303.482
_bالأخ
100 _926692
_aعبد الأخر،أبو الوفا
245 _aالعالمية الدينية الإسلامية و العولمة الوضعية المعاصرة:
_bدراسة مقارنة و الموقف الإسلامى من العولمة /
_cأبو الوفا عبد الأخر
260 _a[د.م]،
_b[د.ن]،[2006]
_c[2006].
300 _a304ص،
_c24سم.
650 _920512
_aالعولمة
_xالعالم الإسلامي
650 _98057
_aالعولمة
653 _bGeneral
_cAugust2011
942 _2ddc
_cBB
999 _c15825
_d15825